| 000 | 00000nam 2200000zi 4500 |
| 001 | 9.937872 |
| 003 | CaOODSP |
| 005 | 20240724131358 |
| 006 | m o d f |
| 007 | cr mn||||||||| |
| 008 | 240507e202405 onc ob f000 0 fre d |
| 020 | |a9780660718026 |
| 040 | |aCaOODSP|bfre|erda|cCaOODSP |
| 043 | |an-cn--- |
| 086 | 1 |aH139-75/2024F-PDF |
| 245 | 00|aFin de l'homologation des pesticides contenant du zirame (usages agricoles). |
| 264 | 1|a[Ottawa] : |bSanté Canada = Health Canada, |cmai 2024. |
| 300 | |a1 ressource en ligne (1 page) |
| 336 | |atexte|btxt|2rdacontent/fre |
| 337 | |ainformatique|bc|2rdamedia/fre |
| 338 | |aressource en ligne|bcr|2rdacarrier/fre |
| 500 | |aPublié aussi en anglais sous le titre : End of registration for ziram pesticides (agricultural uses). |
| 500 | |a« PUB.: 240162. » |
| 504 | |aComprend des références bibliographiques. |
| 650 | 6|aFongicides|xPolitique gouvernementale|zCanada. |
| 650 | 6|aPesticides|xÉtiquetage|zCanada. |
| 710 | 1 |aCanada. |bSanté Canada, |eorganisme de publication. |
| 775 | 08|tEnd of registration for ziram pesticides (agricultural uses).|w(CaOODSP)9.937871 |
| 856 | 40|qPDF|s267 Ko|uhttps://publications.gc.ca/collections/collection_2024/sc-hc/H139-75-2024-fra.pdf |
| 856 | 4 |qHTML|sS.O.|uhttps://www.canada.ca/fr/sante-canada/services/publications/securite-produits/fin-homologation-pesticides-contenant-zirame.html |
| 986 | |a240162 |